| 000 | 00739nam a2200217 a 4500 | ||
|---|---|---|---|
| 005 | 20240420063857.0 | ||
| 008 | 020115s1999 es r 000 0 spa d | ||
| 020 | _a8482111779 | ||
| 035 | _aUPN01000114575 | ||
| 049 | _aCG | ||
| 050 | 4 |
_aLC3969 _bC6.88 |
|
| 100 | 1 | _aCompany, Montserrat | |
| 245 | 1 | 4 |
_aUna escuela para todos : _bla socialización del alumnado con necesidades educativas específicas / _cMontserrat Company ; tr. José Ma. Rodero. |
| 260 |
_aEspaña : _bCeleste, _cc1999. |
||
| 300 |
_a208 p. : _ecuadros |
||
| 520 | _a"Premio Rosa Sensat de Pedagogía 1996" | ||
| 650 | 4 |
_aEducación especial _93029 |
|
| 650 | 4 |
_aPROGRAMAS DE EDUCACION ESPECIAL _913800 |
|
| 650 | 4 |
_aSocialización del niño _93953 |
|
| 905 | _aLibro | ||
| 999 |
_c88482 _d88482 |
||